000 00668nam a2200217 i 4500
001 132348
003 ES-MaACL
005 20260601155228.0
007 t|
008 070214s1920 fr r ||||1| fre d
080 _a94(100)"1914/18"(0:82)
080 _a821.133.1-31"19"
100 1 _aRolland, Romain,
_d1866-1944
_9239240
245 1 0 _aClerambault
_b: histoire d'une conscience libre pendant la guerre /
_cRomain Rolland.
250 _a6e éd.
260 _aParis :
_bPaul Ollendorf,
_c1920 (Imp. J. Dardaillon)
300 _a377 p. ;
_c17 cm.
650 4 _aGuerra mundial, 1914-1918-
_vNovelas.
_9138884
852 _aES-MaACL
_jF-2738
999 _c132348
_d132348